Guess the Language #2 - Statistics

General Stats
  • This quiz has been taken 51 times
  • The average score is 8 of 11
Answer Stats
Answer % Correct
En la actualidad, aún la mayoría de los automóviles son propulsados por motores de combustión interna, aunque cada vez gana más mercado los automóviles híbridos y eléctricos, como intento de mitigación ante la producción de gases de efecto invernadero. Spanish
96%
Τα αυτοκίνητα τέθηκαν σε παγκόσμια χρήση κατά τον 20ό αιώνα και οι αναπτυγμένες οικονομίες εξαρτώνται από αυτά. Greek
92%
Автомобіль призначений для перевезення пасажирів і вантажів, спочатку розглядався як механізований варіант кінної упряжки. Ukrainian
86%
Genel olarak otomobiller içten yanmalı motorlarla ve dört lastiğin dönmesiyle çalışır. Turkish
84%
Bifreið eða bíll er vélknúinn fararskjóti. Langoftast er hann fjögurra hjóla vagn sem knúinn er með fjórgengisbrunahreyfli. Icelandic
78%
Các loại xe hơi khác nhau bao gồm các loại xe: xe bubu, xe tải. Vietnamese
78%
Prvu proizvodnju automobila na tekućoj traci počeo je Henry Ford 1913. Croatian
71%
موتور تکرار شده و موتور روشن می‌شود. گفتنی است، در خودروها، برای افزایش توان خروجی، از موتورهای ۴، ۶، ۸ یا ۱۲ سیلندر استفاده Persian
71%
Bíonn ceithre roth faoin dturas, agus bonn rubair ar gach roth. Irish
63%
Փոքրալիտրաժները ոչ մեծ ավտոմեքենաներ են, որոնք առավել խնայողական են և ունեն բարձր մանևրայնություն։ Armenian
61%
Автомобильдер қозғалтқыштың алдында, артында және ортасында орналасуына байланысты үшке бөлінеді. Kazakh
59%
No matching quizzes found
Score Distribution
Percent of People with Each Score
Percentile by Number Answered
Your Score History
You have not taken this quiz